1291 1039 1005 1116 1895 1959 1417 1531 1700 1573 1018 1531 1513 1707 1474 1709 1831 1066 1755 1410 1449 1257 1914 1842 1979 1474 1541 1311 1230 1422 1725 1470 1879 1391 1719 1282 1170 1034 1327 1696 1292 1303 1174 1888 1633 1109 1440 1914 1115 1951 1106 1002 1772 1360 1914 1404 1226 1038 1323 1805 1235 1314 1492 1993 1533 1442 1176 1917 1481 1046 1333 1599 1158 1960 1563 1437 1678 1473 1980 1778 1410 1153 1664 1534 1347 1538 1030 1239 1775 1671 1963 1136 1860 1811 1076 1353 1809 1072 1576 BCNSPRNW ULIB Ver.6.0+V

เปลี่ยนเป็นภาษาไทย

Change to English
 แสดงรายละเอียดบรรณานุกรม
  กลับหน้าหลัก

Brief Record : Get Marc (ISO 2709) : E-mail record : QR code < ปิดหน้าต่าง
LEADER : 00000nam 2200000uu 4500
001    13399113543
003     ULIB
008    111125s2550||||th 000 0 tha d
020    ^a9789740582632
090    ^aนว.^bฌ111ร 2550
100 0  ^aฌามิวอาห์
245 00 ^aรักเดียวที่กลางใจ/^cฌามิวอาห์
250    ^aพิมพ์ครั้งที่ 2
260    ^aกรุงเทพฯ :^bแจ่มใส,^c2550
300    ^a327 หน้า
710 1  ^aแจ่มใส
945    ^p199^l0^i15301
995    ^aกัณชพร
999    ^aใช้งานได้ทุกระบบ
รายการนี้ยังไม่มีแท็ก
คุณยังไม่ได้ล็อกอิน คุณสามารถมีกิจกรรมร่วมกับเว็บไซต์ได้ แต่ต้องล็อกอินก่อน ::
  ล็อกอิน

รายการสื่อสารสนเทศ

ลำดับที่ ประเภท เลขเรียก/บาร์โค้ด สถานที่ สถานะ
1. นวนิยาย
นวนิยาย
นว. ฌ111ร 2550  
  Barcode: 15301
ห้องสมุดวิทยาเขตสวรรค์ประชารักษ์
►นวนิยาย
บนชั้น
  ขอยืม

รายการใกล้เคียง
    ผู้แต่ง [ฌามิวอาห์]

BibComment


ยังไม่เคยถูกคอมเมนท์

คอมเมนท์ทรัพยากรรายการนี้
  คอมเมนท์: รักเดียวที่กลางใ..


 Copyright 2026. Bcnsprnw @Library